[Event "17th Aeroflot Open-A 2019"]
[Site "Moscow"]
[Date "2019.02.25"]
[Round "7.28"]
[White "Kobalia, Mikhail"]
[Black "Aryan Chopra"]
[Result "1/2-1/2"]
[WhiteElo "2627"]
[BlackElo "2540"]
[Annotator "TA"]
[PlyCount "81"]
[EventDate "2019.02.19"]
[EventCountry "RUS"]
[SourceTitle "playchess.com"]
[Source "ChessBase"]
[SourceQuality "1"]

{[%evp 29,81,17,34,0,19,0,16,10,19,-59,60,45,53,58,62,62,84,79,143,135,152,116,113,39,40,0,0,-40,0,-45,-49,-112,-106,-97,-110,-180,-137,-131,-129,-118,-118,-106,0,0,0,0,0,0,0,0,0,0,0,0]} 1. e4 c5 2. Nf3 d6 3. d4 cxd4 4. Nxd4 Nf6 5. Nc3 a6 6. f3 e5 7. Nb3 Be6 8. Be3 h5 9. Qd2 Nbd7 10. O-O-O Be7 11. Kb1 Rc8 12. Bg5 {B90: Sicilian Najdorf: Unusual White 6th moves, 6 Be3 Ng4 and 6 Be3 e5} (12. h4 b5 13. Bg5 Qb6 14. Nd5 Nxd5 15. exd5 Bf5 16. Bd3 Bxd3 17. Qxd3 Qd8 18. Be3 Rc4 19. Nd2 Rxh4 20. Rxh4 Bxh4 {1-0 (44) Yu,Y (2751)-Zhou,J (2597) Shenzhen 2017}) 12... b5 13. a3 Qc7 14. h4 Nb6 15. Bxf6 gxf6 {LiveBook: 4 Games} 16. Nd5 Nxd5 $146 ({Predecessor:} 16... Bxd5 17. exd5 Nc4 18. Qf2 f5 19. g3 {½-½ (42) Paehtz,E (2477)-Keymer,V (2500) Wijk aan Zee 2019}) 17. exd5 Bd7 18. Na5 Qc5 19. c4 (19. f4 $11) 19... bxc4 (19... Bd8 $15) 20. Rc1 $1 $14 Bd8 21. Nxc4 Ke7 22. Be2 {And now Nxe5! would win.} Qa7 23. f4 Bf5+ ({Black should play} 23... Bb5) 24. Ka2 $16 Qd4 25. Qb4 Qc5 {Black wants to play ...Qxb4.} 26. Qb3 (26. fxe5 $16 Qxb4 27. exf6+ Kd7 28. axb4) 26... Qxd5 $14 27. a4 {Threatens to win with Rhd1.} Bc7 {[%cal Bd8c7,Bc7b6,Bb6d4,Bd4e3][%mdl 32]} 28. Rhf1 Be4 {White must now prevent ...Rb8.} 29. Bf3 Bxf3 ({Avoid the trap} 29... exf4 $2 30. Bxe4 Qc5 31. Rfe1 $18) 30. Rxf3 {[#]} (30. gxf3 $15 Rb8 31. Qd1) 30... Bb6 $1 $17 {[%mdl 512]} 31. fxe5 (31. Qxb6 Rxc4) 31... fxe5 {Hoping for ...Bd4.} 32. Qc2 (32. a5 $17 Bxa5 33. Kb1) 32... Bd4 33. b3 Rhg8 34. Rcf1 {[#]} Rg7 $1 35. g3 {[#]} Rcg8 (35... Rc7 $1 $17 {aiming for ...Kf8.} 36. Qd3 Kd8) 36. Ne3 {The position is equal.} Bxe3 $1 37. Qc7+ Ke8 38. Qc8+ Ke7 39. Qc7+ Ke8 40. Qc8+ Ke7 41. Qc7+ {Precision: White = 39%, Black = 43%.} 1/2-1/2

[Event "17th Aeroflot Open-A 2019"]
[Site "Moscow"]
[Date "2019.02.25"]
[Round "7.29"]
[White "Svane, Rasmus"]
[Black "Stupak, Kirill"]
[Result "1/2-1/2"]
[WhiteElo "2599"]
[BlackElo "2537"]
[Annotator "RC"]
[PlyCount "36"]
[EventDate "2019.02.19"]
[EventCountry "RUS"]
[SourceTitle "playchess.com"]
[Source "ChessBase"]
[SourceQuality "1"]
[TimeControl "40/5400+30:1800+30"]

1. e4 {[%emt 0:00:00]} e6 {[%emt 0:06:12]} 2. d4 {[%emt 0:00:00]} d5 {[%emt 0:00:11]} 3. Nd2 {[%emt 0:00:00]} c5 {[%emt 0:06:21]} 4. Ngf3 {[%emt 0:00:00]} Nc6 {[%emt 0:02:11]} 5. exd5 {[%emt 0:00:09]} exd5 {[%emt 0:00:26]} 6. Bb5 {[%emt 0:00:07]} Bd6 {[%emt 0:06:20]} 7. dxc5 {[%emt 0:00:06]} Bxc5 {[%emt 0:00:03]} 8. O-O {[%emt 0:00:11]} Nge7 {[%emt 0:00:01]} 9. Nb3 {[%emt 0:00:28]} Bb6 {[%emt 0:00:02]} 10. Re1 {[%emt 0:00:58]} O-O {[%emt 0:00:38]} 11. Be3 {[%emt 0:00:10]} Bxe3 {[%emt 0:06:12]} 12. Rxe3 {[%emt 0:00:02]} Bg4 {[%emt 0:00:13]} 13. h3 {[%emt 0:30:31]} Bh5 {[%emt 0:00:49]} 14. Qd2 {[%emt 0:00:14]} Bxf3 {[%emt 0:12:18]} 15. Rxf3 {[%emt 0:00:14]} Qb6 {[%emt 0:00:01]} 16. Bxc6 {[%emt 0:21:36]} bxc6 {[%emt 0:00:18]} 17. Re1 {[%emt 0:12:16]} Ng6 {[%emt 0:07:45]} 18. Qe3 {[%emt 0:05:05]} f6 {[%emt 0:08:38]} 1/2-1/2

[Event "17th Aeroflot Open-A 2019"]
[Site "Moscow"]
[Date "2019.02.25"]
[Round "7.30"]
[White "Nihal Sarin"]
[Black "Praggnanandhaa R"]
[Result "1-0"]
[WhiteElo "2578"]
[BlackElo "2532"]
[Annotator "TA"]
[PlyCount "137"]
[EventDate "2019.02.19"]
[EventCountry "RUS"]
[SourceTitle "playchess.com"]
[Source "ChessBase"]
[SourceQuality "1"]

{[%evp 11,137,5,2,5,13,12,0,-13,-23,-3,9,14,14,14,10,11,10,12,14,12,6,0,0,0,0,0,0,0,0,0,0,-4,8,0,8,7,7,4,20,17,23,10,20,20,20,20,20,6,21,20,16,0,5,0,14,8,8,11,14,7,15,2,12,0,15,15,15,14,15,7,7,0,0,0,0,0,8,8,8,8,8,8,41,41,41,41,41,41,41,0,41,8,41,8,8,8,8,8,8,8,3472,1181,5930,3799,29965,29966,29971,8,8,0,29972,29973,29973,29974,29974,29974,29974,29975,29975,29976,29979,29980,29982,29983,29984,29985,29985,29986]} 1. d4 Nf6 2. c4 e6 3. Nc3 Bb4 4. Qc2 O-O 5. Nf3 d5 6. cxd5 exd5 7. Bg5 {E32: Nimzo-Indian: Classical (4 Qc2): 4...0-0} h6 8. Bh4 c5 9. dxc5 {The position is equal.} Nbd7 ({But not} 9... Bxc5 10. Bxf6 gxf6 11. O-O-O $14) 10. e3 Qa5 11. Be2 $146 ({Predecessor:} 11. Bd3 Ne4 12. O-O Bxc3 13. bxc3 Ndxc5 14. Nd4 Nxd3 15. Qxd3 {0-1 (48) So,W (2812)-Carlsen,M (2832) Paris 2017}) 11... Ne4 {[%cal Re4c3]} ({Reject} 11... Bxc5 $6 12. O-O $16) 12. O-O Bxc3 13. bxc3 Ndxc5 14. Rfc1 Re8 15. Nd4 Bd7 16. c4 dxc4 17. Bxc4 Rac8 18. Qe2 Nd6 19. Bd5 Ne6 20. Bxe6 Bxe6 21. Bg3 Nf5 22. Nxe6 Rxc1+ 23. Rxc1 {aiming for Nf4.} Rxe6 24. Bf4 Ne7 25. h3 Nc6 26. Rd1 Qa4 {White must now prevent ...Qxf4!} 27. Rd2 Re8 28. Qg4 Qe4 29. Kh2 Qe6 30. Qd1 Qf6 31. Qg4 Qe6 32. Qd1 (32. Qe2 {is interesting.} Rd8 33. Rxd8+ Nxd8 34. Qb5 a6 35. Qa5) 32... Qf6 33. Qb3 Rd8 34. Rxd8+ Nxd8 35. Qd5 Qe7 36. Kg3 Nc6 37. h4 (37. a4 {seems wilder.} Qf6 38. Qd7 g5 39. Bc7 Kg7 40. Qd5) 37... Qe6 38. Qxe6 fxe6 $11 {[%mdl 4096] Endgame KB-KN} 39. Bd6 g6 40. Kf4 b5 41. g4 Kf7 42. h5 gxh5 43. gxh5 a5 44. Ke4 a4 45. f4 Kf6 46. a3 Kf7 47. Kd3 Kf6 48. e4 Kf7 49. Kc3 Kg7 50. Kd3 Kf7 51. Bc5 Ke8 52. Bd4 {Black should prevent Bg7.} b4 53. axb4 Nxb4+ 54. Kc4 Nc2 55. Bf2 {Hoping for Kc3.} e5 $2 {[%mdl 8192]} (55... Kd7 $11) 56. Kc3 $18 Na3 57. fxe5 Kf7 {[#]} 58. Be3 $1 {[%cal Re3h6]} Kg7 59. Bb6 $2 (59. Bc5 {mates} Nb5+ 60. Kb4 Nc7 61. Be3 Kf7 62. Bxh6 Ke6 63. Kxa4 Ne8 {[#]} 64. Bg7 $1 {[%mdl 576] Clearance, Promotion}) 59... Kf7 $11 60. Be3 $2 {[%mdl 8192]} (60. Bc5 $11 Nb5+ 61. Kb4) 60... Kg7 $1 61. Bc5 {White mates.} Nb5+ 62. Kb4 Nc7 63. Kxa4 Ne6 64. Be3 Kf7 65. Bxh6 Nc5+ 66. Kb5 Nxe4 67. Bf4 Nf2 68. h6 Ng4 {[#]} 69. e6+ $1 {Accuracy: White = 60%, Black = 67%.} 1-0

[Event "17th Aeroflot Open-A 2019"]
[Site "Moscow"]
[Date "2019.02.25"]
[Round "7.31"]
[White "Debashis, Das"]
[Black "Yuffa, Daniil"]
[Result "0-1"]
[WhiteElo "2532"]
[BlackElo "2578"]
[Annotator "TA"]
[PlyCount "88"]
[EventDate "2019.02.19"]
[EventCountry "RUS"]
[SourceTitle "playchess.com"]
[Source "ChessBase"]
[SourceQuality "1"]

{[%evp 13,88,27,31,33,65,43,60,45,66,66,69,65,72,65,73,52,95,82,94,89,96,80,106,94,146,142,156,141,194,167,177,159,162,153,216,0,0,0,0,-134,-64,-119,-94,-182,-189,-170,-181,-209,-185,-193,-185,-269,-266,-231,-29,-1987,-1977,-1672,-1525,-1402,-1056,-1056,-1050,-996,-879,-2481,-317,-1640,-1572,-4134,-4133,-1132,-503,-496,-491,-475,-466]} 1. d4 Nf6 2. c4 g6 3. Nc3 Bg7 4. e4 d6 5. Nf3 O-O 6. Be3 e5 7. dxe5 dxe5 8. Qc2 {E90: King's Indian: Classical: Early deviations and 6 h3} (8. Qxd8 Rxd8 9. Nd5 Nxd5 10. cxd5 c6 11. Bc4 cxd5 12. Bxd5 Nc6 13. Bxc6 bxc6 14. O-O Be6 15. Rfc1 Rdb8 16. b3 a5 17. Rxc6 a4 18. Rcc1 axb3 19. axb3 Bxb3 20. Rxa8 Rxa8 {½-½ (31) Spasov,V (2539)-Georgiev,K (2607) Bol 2015}) 8... Nc6 9. Rd1 Bd7 10. Be2 {White is slightly better.} Qc8 11. h3 $146 ({Predecessor:} 11. Nd5 Re8 12. h3 a5 13. a3 Be6 14. O-O b6 15. Rd2 Qb7 {½-½ (58) Grizzaffi,M (1600)-Lopez,A (1285) IECG email 2001}) 11... Re8 12. O-O a5 13. Rfe1 Be6 14. a3 h6 15. Nd5 Kh7 16. c5 Nd7 17. b4 axb4 18. axb4 Bxd5 (18... Nf6 $142) 19. exd5 $16 Nxb4 20. Qc4 Na6 (20... e4 $16) 21. c6 $18 Nb6 22. Qh4 bxc6 23. dxc6 Qf5 (23... Kg8 $16) 24. Ra1 $2 ({White should try} 24. Ng5+ $18 Kh8 25. Ne4) 24... e4 $11 25. Nd4 ({Much worse is} 25. Rxa6 Rxa6 26. Ng5+ Kg8 $15) 25... Qc8 26. g4 (26. Nc2 $11) 26... Nc5 (26... Nb4 $17 27. Bxh6 {[%mdl 64] Remove Defender} Bxh6) 27. Rxa8 (27. Rad1 $1 $15) 27... Qxa8 $17 28. Bxh6 (28. Nb5 $17 Qxc6 29. Rc1) 28... Bxh6 $19 29. g5 Qd8 30. Qxh6+ Kg8 31. Rd1 {[#]} Qd5 $1 32. h4 {[#]} (32. Qh4 $142) 32... Nd3 $1 {[%mdl 512]} 33. h5 (33. Bxd3 exd3) 33... Re5 $2 ({Better is} 33... Qxd4 $19 34. hxg6 Qg7 35. gxf7+ Qxf7 36. Bxd3 exd3 37. Rxd3 Re1+ 38. Kg2 Nd5) 34. Nc2 $2 {[%mdl 8192]} (34. hxg6 $11 Rxg5+ {[%mdl 64] Double Attack} 35. Kf1 Rxg6 36. Qh4) 34... Rxg5+ 35. Kf1 Qf5 {[%csl Gd3][%cal Rf5f2]} 36. Bxd3 exd3 37. hxg6 Rxg6 38. Qh4 Nd5 39. Re1 Nf6 $2 (39... Qc8 40. Nb4 Nxb4) 40. Nd4 $2 (40. Rb1 Kg7 41. Nd4) 40... Qd5 {[%csl Gg6][%cal Rd5g2] Black is clearly winning.} 41. f3 d2 {( -> ...Qc4+)} 42. Rb1 Kg7 (42... Qe5 $142 {aiming for ...Qe3.} 43. Nc2 Kg7) 43. Qf4 Qh5 {White must now prevent ...Qh1+.} ({Not} 43... Qc4+ 44. Kf2 $17) 44. Nf5+ Kh7 {Accuracy: White = 46%, Black = 56%.} 0-1

[Event "17th Aeroflot Open-A 2019"]
[Site "Moscow"]
[Date "2019.02.25"]
[Round "7.32"]
[White "Safarli, Eltaj"]
[Black "Vokhidov, Shamsiddin"]
[Result "1-0"]
[WhiteElo "2681"]
[BlackElo "2494"]
[Annotator "TA"]
[PlyCount "149"]
[EventDate "2019.02.19"]
[EventCountry "RUS"]
[SourceTitle "playchess.com"]
[Source "ChessBase"]
[SourceQuality "1"]

{[%evp 9,149,-11,-8,-12,-16,-18,-13,-18,0,-32,-43,-70,-69,-81,-71,-89,-82,-71,-75,-76,-35,-87,0,-91,-47,-45,-14,-12,-8,-22,-14,-65,-41,-56,-20,-14,-14,-93,-85,-100,-102,-87,-100,-69,-9,0,0,0,20,-73,25,26,50,70,47,63,40,0,100,75,72,0,0,-16,-12,-53,-42,-50,0,0,123,111,122,97,181,150,267,244,217,238,240,240,223,226,213,220,207,209,212,205,203,203,202,184,191,25,92,93,85,85,111,102,143,5,5,5,4,8,6,6,58,0,0,0,0,0,0,0,0,0,637,662,883,822,1351,1310,4898,2045,1623,1572,29981,29982,29983,29984,29986,29986,29986,29987,29987,29988,29988,29989]} 1. e4 e5 2. Nc3 Nf6 3. g3 Bc5 4. Bg2 c6 5. d3 (5. Nge2 d5 6. exd5 cxd5 7. d4 exd4 8. Nxd4 O-O 9. O-O Bg4 10. Qd3 Bxd4 11. Qxd4 Nc6 12. Qf4 Qd7 13. Re1 {0-1 (54) Predke,A (2622)-Matlakov,M (2700) St Petersburg 2018}) 5... d5 6. exd5 {C26: Vienna Game: 2...Nf6, sidelines} cxd5 7. Nf3 Nc6 8. O-O {The position is equal.} O-O 9. Bg5 (9. Nxe5 $5 Nxe5 10. d4 $11) 9... Be7 $146 ({Predecessor:} 9... Be6 10. Qc1 h6 11. Bxf6 Qxf6 12. Qe1 Rad8 13. h3 Bxh3 14. Nxd5 Rxd5 15. Bxh3 Qxf3 16. Bg2 Qxg3 {0-1 (16) Zapke,H-Sedina,E (2419) Lugano 2000}) 10. Re1 h6 $1 {[%cal Rh6g5]} 11. Bd2 Bd6 12. h3 Re8 13. a3 Be6 14. b4 Nd7 15. Nh2 (15. g4 $15) 15... Nf6 16. Nf3 $1 d4 17. Na4 a6 18. c4 b5 19. Nb2 Qd7 20. Rc1 Rac8 $36 {[%mdl 2048] Black is more active.} 21. g4 Nh7 22. a4 f6 23. c5 (23. axb5 $11 {remains equal.} axb5 24. cxb5 Nxb4 {[%mdl 64] Discovered Attack} 25. Qa4) 23... Bc7 $17 24. Nh4 Ng5 25. Nf5 Bd5 (25... Bxf5 26. gxf5 Qxf5 27. Qh5 $11) 26. Ra1 Ne7 (26... Bxg2 $15 27. Kxg2 Qd5+ 28. f3 Ra8) 27. Nxe7+ $11 Rxe7 28. Bxg5 fxg5 29. axb5 (29. Be4 $1 $11) 29... axb5 ({Black should play} 29... Bxg2 $1 $17 30. Kxg2 axb5) 30. Be4 $1 Rf8 31. f3 Ref7 32. Rf1 $1 h5 33. Kg2 Qe6 (33... Bb8 $11) 34. Ra3 $16 Qd7 35. Ra6 (35. Ra7 $1 $16 {[%cal Ra7c7]} Be6 36. Rh1) 35... Be6 $11 36. Rxe6 Qxe6 37. Qc2 Qa2 38. Rf2 Bd8 39. Nd1 Qa3 (39... Qxc2 $1 $11 40. Rxc2 hxg4 41. hxg4 Ra7) 40. Qb1 $16 {Black must now prevent Ra2.} Qa6 41. Bd5 Qf6 (41... Kh7 $16 {was worth a try.}) 42. Qa2 (42. Bxf7+ Rxf7 43. gxh5 g6 $16) 42... Bc7 (42... g6 $16 {keeps fighting.} 43. Bxf7+ Rxf7) 43. Bxf7+ Rxf7 44. Qa8+ (44. gxh5 Qc6 $16) 44... Rf8 45. Qd5+ Kh8 46. Ra2 hxg4 47. hxg4 e4 48. Qxe4 Qh6 {[#] Threatens to win with ...Qh2+.} 49. Ra8 $1 {[%cal Ra8f8]} Qh2+ 50. Kf1 {[%cal Ra8f8]} Qh1+ 51. Ke2 {[%cal Ra8f8]} Bb8 {[#]} 52. c6 $2 (52. Nf2 $1 $18 {[%cal Rf2h1]} Qc1 53. Qxd4) 52... Qh2+ (52... Qg1 $11 {keeps the balance.}) 53. Nf2 Qd6 54. Ra1 {aiming for Rh1+.} Kg8 55. Rh1 g6 56. Rc1 (56. Nh3 $16) 56... Rf4 $1 $11 {[%cal Rf4e4]} 57. Qe8+ Rf8 58. Qd7 {And now Rc5 would win.} Qe5+ 59. Kd1 Rf7 ({But not} 59... Re8 $2 60. Ne4 $18) (59... Qe3 $11 60. Qd5+ {[%mdl 64] Double Attack} Kh8) 60. Rc5 (60. Qd8+ $14 Kg7 61. Ne4) 60... Qe3 {[%mdl 64] Double Attack} 61. Qd8+ Kg7 62. Qxb8 ({Wrong is} 62. c7 $2 Qxf3+ 63. Kc1 Qf4+ 64. Kb1 Bxc7 $19) 62... Qxf3+ 63. Kc2 Qxf2+ {[%mdl 4096] Endgame KQR-KQR} 64. Kb3 Re7 $2 {[%mdl 8192]} (64... Qf1 $11 65. Qe5+ (65. Rxb5 Qxd3+ 66. Ka4 Qc2+ {[%mdl 64] Double Attack} 67. Ka5 Qxc6 $17) (65. Qxb5 Qb1+ 66. Kc4 Qa2+ 67. Kxd4 Rf4+ {[%mdl 64] Double Attack} 68. Ke5 Qb2+ {[%mdl 64] Double Attack} 69. Kd6 Rxb4 $11) 65... Kg8) 65. Qxb5 $18 Ra7 {[%csl Ga7][%cal Rf2a2]} 66. Rc2 Qe1 67. Kc4 Ra3 68. Qd5 (68. Qb7+ $142 Kf8 69. Qc8+ Kg7 70. Qd7+ Kg8 71. c7) 68... Rc3+ 69. Rxc3 Qxc3+ {KQ-KQ} 70. Kb5 {White mates.} Qxd3+ 71. Kb6 Qe3 72. c7 d3+ 73. Kb7 Qe7 74. Qd4+ Kh7 75. Kb8 {Accuracy: White = 58%, Black = 45%.} 1-0

[Event "17th Aeroflot Open-A 2019"]
[Site "Moscow"]
[Date "2019.02.25"]
[Round "7.33"]
[White "Gagare, Shardul"]
[Black "Alekseenko, Kirill"]
[Result "1/2-1/2"]
[WhiteElo "2495"]
[BlackElo "2634"]
[Annotator "TA"]
[PlyCount "54"]
[EventDate "2019.02.19"]
[EventCountry "RUS"]
[SourceTitle "playchess.com"]
[Source "ChessBase"]
[SourceQuality "1"]

{[%evp 15,54,0,0,0,0,0,8,0,13,26,26,23,28,43,42,50,38,32,43,45,38,42,45,36,33,8,12,21,34,49,44,30,41,0,0,7,14,5,29,0,8]} 1. Nf3 c5 2. c4 Nf6 3. g3 Nc6 4. Bg2 d5 5. cxd5 Nxd5 6. Nc3 Nc7 7. O-O e5 8. a3 f6 9. Rb1 {A34: Symmetrical English: 2 Nc3, lines with ...d5} Rb8 10. d3 Be7 11. Be3 O-O (11... Bd7 12. Nd2 O-O 13. b4 cxb4 14. axb4 Kh8 15. Bxc6 bxc6 16. Bxa7 Rxb4 {½-½ (30) Almasi,Z (2696)-Vidit,S (2670) Reykjavik 2017}) 12. b4 cxb4 13. axb4 Nd4 14. b5 Be6 15. Qa4 {[%cal Re3d4]} Bc5 16. Nxd4 $146 ({Predecessor:} 16. Bxd4 exd4 {0-1 (51) Fromm,M (1825)-Nguyen,A (2042) Hannover 2017}) 16... exd4 17. Ne4 dxe3 18. Nxc5 Bd5 19. Bxd5+ ({Not} 19. fxe3 Bxg2 20. Kxg2 Qd5+ 21. Ne4 f5 $17) 19... Qxd5 20. Qc4 exf2+ 21. Kxf2 Rf7 22. Qxd5 Nxd5 23. e4 Rc8 {[#] Hoping for ...Nc3.} 24. d4 ({Much worse is} 24. exd5 Rxc5 25. Rfc1 Rxd5 $11) 24... b6 25. exd5 {Black must now prevent Rbc1.} bxc5 26. Rfc1 c4 27. b6 axb6 {Accuracy: White = 76%, Black = 57%.} 1/2-1/2

[Event "17th Aeroflot Open-A 2019"]
[Site "Moscow"]
[Date "2019.02.25"]
[Round "7.34"]
[White "Karthik Venkataraman"]
[Black "Goganov, Aleksey"]
[Result "1/2-1/2"]
[WhiteElo "2494"]
[BlackElo "2612"]
[Annotator "TA"]
[PlyCount "96"]
[EventDate "2019.02.19"]
[EventCountry "RUS"]
[SourceTitle "playchess.com"]
[Source "ChessBase"]
[SourceQuality "1"]

{[%evp 16,96,25,10,62,47,52,-2,64,0,0,0,21,0,0,-7,-13,-28,-1,-16,-24,-50,-35,-50,-4,-10,-17,-8,-16,-34,-35,-39,-44,-45,0,-69,-67,-56,-57,-93,-42,-56,-45,-45,-38,-42,-44,-57,-29,-46,-35,-403,-19,-43,-48,-45,-34,-36,-34,-39,0,0,-1,-1,0,-6,0,-15,-15,-32,-32,-32,-32,-32,-32,-32,-1,-1,-1,-32,-32,-33,-32]} 1. e4 c5 2. Nf3 e6 3. d4 cxd4 4. Nxd4 Nc6 5. Nc3 Qc7 6. Be3 a6 7. Qf3 {B48: Sicilian: Taimanov: 5 Nc3 Qc7 6 Be3 a6 without Be2} (7. Qd2 b5 8. O-O-O Nxd4 9. Bxd4 Bb7 10. f3 Nf6 11. Qg5 Rc8 12. Bd3 h6 13. Qg3 Qxg3 14. hxg3 Bc5 15. Ne2 Bxd4 16. Nxd4 {½-½ (32) Radjabov,T (2757)-Rapport,R (2731) Wijk aan Zee 2019}) 7... b5 8. Nxc6 Qxc6 9. Bd3 {LiveBook: 23 Games. White has an edge.} d6 (9... Nf6 $11) 10. a3 $146 ({Predecessor:} 10. Qg3 Nf6 11. O-O b4 12. Ne2 Nxe4 13. Bxe4 Qxe4 14. c3 Bb7 15. cxb4 {1-0 (32) Kacharava,N (2024)-Abelakiotis,S (1784) Prague 2016}) 10... Nf6 11. Qe2 (11. Qg3 $14) 11... Nd7 (11... Be7 $11) 12. f4 Be7 13. O-O {[%cal Bh1f1,Bf1f3,Bf3g3][%mdl 32]} O-O 14. Rf3 Bb7 15. Raf1 Rae8 16. Kh1 Bd8 17. Rg3 f5 18. Qd2 Nc5 {[%cal Rc5e4]} 19. Bd4 Bf6 20. Bxf6 Rxf6 21. exf5 exf5 22. Be2 Ne4 23. Nxe4 fxe4 24. Qd4 {[#] Qxf6 is the strong threat.} d5 (24... Ref8 {keeps more tension.} 25. Rc3 Qd5 26. Qxd5+ Bxd5 27. g3 g5) 25. b3 ({Better is} 25. Rc3 $11 Qd7 26. Rc5) 25... Qb6 $15 26. Qxb6 Rxb6 27. Rd1 Rc8 (27... Rd6 $17 28. Rc3 Rf8) 28. c3 Rf6 29. c4 Rxf4 {[%cal Rd5c4]} 30. cxd5 {[#]} Bxd5 $1 {[%mdl 512]} 31. h3 (31. Rxd5 $2 {is a self mate.} Rc1+ 32. Rd1 Rxd1+ 33. Bxd1 Rf1#) 31... Bf7 32. Rd6 Rf2 33. Bg4 $2 {[%mdl 8192]} (33. Re3 $1 $15) 33... Re8 $2 (33... Rc1+ $19 34. Kh2 h5 35. Bxh5 Bxh5 36. Rxa6 Be2) 34. Re3 Rf6 35. Rd4 Bg6 36. a4 bxa4 37. Rxa4 Rb8 38. Be2 Rbb6 39. Bc4+ Kf8 40. Re2 Rfd6 41. Rea2 (41. Kg1 {is interesting.} h6 42. Rf2+ Ke7 43. Ra5 Rf6 44. Rfa2) 41... Bf7 42. Rxa6 Rxa6 43. Rxa6 Rxa6 44. Bxa6 Bxb3 $11 {KB-KB} 45. Kg1 e3 46. Kf1 Bd5 47. Ke2 Bxg2 48. h4 Ke7 {Precision: White = 33%, Black = 43%.} 1/2-1/2

[Event "17th Aeroflot Open-A 2019"]
[Site "Moscow"]
[Date "2019.02.25"]
[Round "7.35"]
[White "Harika, Dronavalli"]
[Black "Esipenko, Andrey"]
[Result "1/2-1/2"]
[WhiteElo "2471"]
[BlackElo "2603"]
[Annotator "TA"]
[PlyCount "66"]
[EventDate "2019.02.19"]
[EventCountry "RUS"]
[SourceTitle "playchess.com"]
[Source "ChessBase"]
[SourceQuality "1"]

{[%evp 22,66,15,12,9,16,16,0,0,0,10,12,14,9,12,-8,0,1,0,0,0,0,0,4,0,0,76,0,0,0,0,0,19,12,25,22,39,46,39,39,115,0,8,0,104,0,13]} 1. e4 e5 2. Nf3 Nc6 3. Bc4 Bc5 4. c3 Nf6 5. d3 d6 6. O-O O-O 7. h3 h6 8. Re1 a6 9. Bb3 Ba7 10. Nbd2 Re8 11. Nf1 Be6 12. Ng3 Bxb3 {C54: Giuoco Piano: 4 c3 Nf6, main lines with 5 d4 and 5 d3} 13. Qxb3 Qd7 14. Be3 Bxe3 15. Rxe3 Ne7 {[%cal Bc6e7,Be7g6,Bg6f4][%mdl 32]} 16. d4 Ng6 17. Rd1 Qc6 {[#]} 18. Nh2 $146 ({Predecessor:} 18. c4 b6 19. Qc3 a5 20. b3 {½-½ (33) Saric,I (2678)-Efimenko,Z (2649) Germany 2014}) 18... Nf4 19. Ng4 Nxg4 20. hxg4 g6 21. Ne2 exd4 22. Nxd4 Qd7 23. f3 d5 (23... h5 $11) 24. Ne2 (24. g3 $16 Nh3+ 25. Kg2) 24... Qd6 $11 25. Nxf4 Qxf4 {[%mdl 64] [#] Double Attack} 26. Rde1 b5 27. e5 $36 {[%mdl 2048] White is more active.} Rad8 28. Qb4 d4 29. Re4 Qd2 30. R4e2 Qf4 (30... Qd3 $14) 31. Re4 (31. e6 $16) 31... Qd2 32. R4e2 (32. e6 $11 Rxe6 33. Rxe6 fxe6 34. Rxe6 {[%mdl 64] Double Attack}) 32... Qf4 $16 33. Re4 (33. e6 $16) 33... Qd2 {Accuracy: White = 44%, Black = 52%.} 1/2-1/2